|
|
|
|
| LEADER |
00731cam a2200205 7i4500 |
| 001 |
0000037739 |
| 005 |
20170218090000.0 |
| 008 |
110407 eng |
| 020 |
|
|
|a 9781584282228 (pbk.)
|
| 040 |
|
|
|a DLC
|
| 090 |
0 |
0 |
|a TR9
|b .L56 2008
|
| 100 |
1 |
|
|a Lynch-Johnt, Barbara A
|
| 245 |
1 |
0 |
|a Illustrated dictionary of photography
|c Barbara A. Lynch-Johnt, Michelle Perkins.
|
| 260 |
|
|
|a Buffalo, NY:
|b Amherst Media,
|c 2008.
|
| 300 |
|
|
|a 141 p.:
|b col. ill.;
|c 28 cm.
|
| 650 |
0 |
0 |
|a Photography
|
| 700 |
1 |
|
|a Perkins, Michelle
|
| 997 |
|
|
|a Communication, Visual Art & Computing, Faculty
|b Visual Art, Department
|
| 998 |
|
|
|a Photographic Technology, Diploma
|
| 999 |
|
|
|a 0000044412
|b BOK
|c REFERENCE
|e Ground Floor, Bestari Jaya
|